Minecraft-Objets craftés avec des planches - Statistiques

Statistiques générales
  • Ce quiz a été pris 84 fois
    58 depuis la dernière actualisation
  • Le résultat moyen est 16 sur 34
Statistiques - réponses
Blocs/Objets % Correct
Établi
95%
Bâton
79%
Escalier
79%
Dalle
74%
Épée
72%
Pioche
72%
Porte
72%
Pelle
70%
Hache
67%
Houe
67%
Barrière
63%
Coffre
63%
Bateau
51%
Bibliothèque
51%
Trappe
49%
Bouton
47%
Lit
47%
Plaque de pression
47%
Portillon
47%
Tonneau
44%
Bouclier
40%
Pancarte
35%
Piston
30%
Table de cartographie
30%
Métier à tisser
28%
Table de forge
28%
Table d’archerie
26%
Jukebox
23%
Meule
23%
Bloc musical
19%
Bol
14%
Ruche
14%
Crochet
12%
Bibliothèque sculptée
9%
Aucun quiz correspondant
Distribution des résultats
% des personnes avec chaque résultat
Percentile par nombre de réponses
Votre historique - résultats
Vous n’avez pas pris ce quiz depuis la dernière actualisation